[Event "Campos do Jordao op"]
[Site "Campos do Jordao"]
[Date "2024.01.13"]
[Round "2"]
[White "Dias, Juliane de Oliveira"]
[Black "Do Nascimento, Richard Marx R"]
[Result "1-0"]
[WhiteElo "1652"]
[BlackElo "1781"]
[PlyCount "104"]
[EventDate "2024.01.12"]
[EventType "swiss"]
[EventRounds "5"]
[EventCountry "BRA"]
[SourceTitle "CB04_2024"]
[SourceDate "2023.10.16"]
[SourceVersion "1"]
[SourceVersionDate "2023.10.16"]
[SourceQuality "1"]

1. d4 d5 2. Nc3 c6 3. e4 e6 4. a3 g6 5. e5 Bg7 6. Nf3 Nd7 7. Bg5 f6 8. exf6 Ngxf6 9. Qd2 0-0 10. Ne5 Qe8 11. f3 Nxe5 12. dxe5 Nd7 13. 0-0-0 Nxe5 14. Bh6 Nf7 15. Bxg7 Kxg7 16. h4 h5 17. g4 Rh8 18. g5 e5 19. Bh3 Bxh3 20. Rxh3 Rd8 21. f4 e4 22. Qd4+ Kh7 23. Rf1 Nd6 24. Ne2 Qe6 25. Rh2 Nb5 26. Qb4 d4 27. a4 d3 28. axb5 dxe2 29. Rxe2 e3 30. bxc6 bxc6 31. Qc5 Rhe8 32. f5 Qa2 33. fxg6+ Kg7 34. Qc3+ Kg8 35. b3 Qa3+ 36. Kb1 Rf8 37. Rfe1 Rde8 38. Rxe3 Rxe3 39. Qxe3 Kg7 40. Qc3+ Kxg6 41. Qxc6+ Kg7 42. Qh6+ Kg8 43. Qg6+ Kh8 44. Qxh5+ Kg8 45. g6 Kg7 46. Qh7+ Kf6 47. Rf1+ Ke6 48. Re1+ Kf6 49. g7 Rb8 50. g8Q Rxg8 51. Qxg8 a5 52. Qe6+ Kg7 1-0

[Event "Sao Jose dos Campos op"]
[Site "Sao Jose dos Campos"]
[Date "2023.05.27"]
[Round "4"]
[White "Maciel, Augusto Katsuo Izaw"]
[Black "Dias, Juliane de Oliveira"]
[Result "0-1"]
[WhiteElo "1476"]
[BlackElo "1646"]
[PlyCount "62"]
[EventDate "2023.05.26"]
[EventType "swiss"]
[EventRounds "5"]
[EventCountry "BRA"]
[SourceTitle "CBM 214 Extra"]
[Source "ChessBase"]
[SourceDate "2023.07.31"]
[SourceVersion "1"]
[SourceVersionDate "2023.07.31"]
[SourceQuality "1"]

1. e4 c5 2. Nc3 e6 3. f4 d5 4. exd5 exd5 5. Bb5+ Nc6 6. Nf3 a6 7. Bxc6+ bxc6 8. 0-0 Bd6 9. Re1+ Ne7 10. d3 0-0 11. Ne5 Qc7 12. d4 cxd4 13. Qxd4 Ng6 14. Nxg6 fxg6 15. g3 Bf5 16. Be3 Rab8 17. b3 Bb4 18. Re2 Bg4 19. Rf2 Rfe8 20. Na4 Re4 21. Qd3 Rbe8 22. Bb6 Qb7 23. a3 Bf8 24. Bc5 Re1+ 25. Rxe1 Rxe1+ 26. Kg2 Qe7 27. h4 Bf5 28. Qd2 Be4+ 29. Rf3 Bxf3+ 30. Kxf3 Qe6 31. Kf2 Rh1 0-1

[Event "Buenos Aires Torre Blanca U2400 op"]
[Site "Buenos Aires"]
[Date "2023.01.08"]
[Round "6"]
[White "Ganza Svidler, Pedro"]
[Black "Dias, Juliane de Oliveira"]
[Result "1-0"]
[WhiteElo "1736"]
[BlackElo "1672"]
[PlyCount "137"]
[EventDate "2023.01.06"]
[EventType "swiss"]
[EventRounds "6"]
[EventCountry "ARG"]
[SourceTitle "CBM 212 Extra"]
[Source "ChessBase"]
[SourceDate "2023.03.31"]
[SourceVersion "1"]
[SourceVersionDate "2023.03.31"]
[SourceQuality "1"]

1. e4 c5 2. Nc3 Nc6 3. Bb5 d6 4. Bxc6+ bxc6 5. f4 e6 6. Nf3 d5 7. d3 Qb6 8. Qe2 d4 9. Nb1 Bd6 10. e5 Be7 11. Nbd2 Bd7 12. 0-0 Nh6 13. Nc4 Qc7 14. Bd2 0-0 15. Be1 Nf5 16. g4 Nh6 17. Bh4 Bxh4 18. Nxh4 Qd8 19. Ng2 Rb8 20. b3 Qe7 21. h3 Kh8 22. Rf3 Bc8 23. Raf1 Ba6 24. Nd2 Rfe8 25. Qf2 Qc7 26. Ne4 Qe7 27. Qg3 Red8 28. f5 exf5 29. gxf5 Rg8 30. Qf4 Qf8 31. Rg3 Rd8 32. Kh1 Bc8 33. Nh4 c4 34. bxc4 c5 35. Kh2 Bd7 36. Rfg1 Rb8 37. f6 g6 38. Nd6 Be6 39. Ne4 Rb2 40. R1g2 Nf5 41. Nxf5 Bxf5 42. h4 h5 43. Ng5 Rxa2 44. e6 fxe6 45. Qc7 Rg7 46. Qxg7+ Qxg7 47. fxg7+ Kxg7 48. Ne4 a5 49. Nxc5 a4 50. Rf3 a3 51. Rf1 Kf6 52. Kg3 Ke5 53. Nb3 Rb2 54. Ra1 a2 55. Nc5 Kd6 56. Na4 Rb1 57. Rxa2 Rh1 58. Rh2 Rg1+ 59. Kf2 Rd1 60. c3 dxc3 61. Nxc3 Bxd3 62. Ke3 Bxc4 63. Rad2+ Rxd2 64. Rxd2+ Ke5 65. Rf2 Bb3 66. Ne4 Bd5 67. Ng5 Bb3 68. Nf7+ Kd5 69. Nh8 1-0

[Event "Buenos Aires Torre Blanca U2400 op"]
[Site "Buenos Aires"]
[Date "2023.01.06"]
[Round "1"]
[White "Jimenez, Jorge"]
[Black "Dias, Juliane de Oliveira"]
[Result "1-0"]
[WhiteElo "1961"]
[BlackElo "1672"]
[PlyCount "135"]
[EventDate "2023.01.06"]
[EventType "swiss"]
[EventRounds "6"]
[EventCountry "ARG"]
[SourceTitle "CBM 212 Extra"]
[Source "ChessBase"]
[SourceDate "2023.03.31"]
[SourceVersion "1"]
[SourceVersionDate "2023.03.31"]
[SourceQuality "1"]

1. d4 d5 2. Nc3 Nf6 3. Bf4 c6 4. e3 e6 5. g4 Bb4 6. f3 Bxc3+ 7. bxc3 Qa5 8. Qd2 0-0 9. c4 Qxd2+ 10. Kxd2 Nbd7 11. h4 Re8 12. h5 e5 13. Bg3 exd4 14. exd4 dxc4 15. Bxc4 Nb6 16. Bd3 h6 17. Nh3 Be6 18. Nf4 Bc4 19. Rhe1 Bxd3 20. Nxd3 Nfd5 21. Nb2 Rad8 22. c4 Nf6 23. Kc3 Nbd7 24. a4 Nf8 25. Rxe8 Rxe8 26. Re1 Ne6 27. Nd3 Rd8 28. Nc5 Nxc5 29. dxc5 Re8 30. Rxe8+ Nxe8 31. Bb8 a6 32. Be5 Kf8 33. Kd3 f6 34. Bf4 Kf7 35. Ke4 g5 36. Bd6 Ng7 37. f4 f5+ 38. Kf3 fxg4+ 39. Kxg4 gxf4 40. Bxf4 Ne6 41. Bxh6 Nxc5 42. Be3 Ne4 43. Kf3 Nd6 44. c5 Nf5 45. Bc1 Ng7 46. Kg4 Ne6 47. Be3 Kf6 48. Bf2 Nf8 49. Bd4+ Kf7 50. Kf5 Ne6 51. Be5 Nf8 52. h6 Nh7 53. Bg7 Kg8 54. Ke6 Ng5+ 55. Kd7 Ne4 56. Bd4 Kh7 57. Be3 a5 58. Bd4 Ng5 59. Kc8 Ne6 60. Be3 Kg6 61. Kxb7 Nd8+ 62. Kc7 Nf7 63. Kxc6 Ne5+ 64. Kb5 Kh7 65. c6 Nf7 66. Kxa5 Nd6 67. Bf4 Nc8 68. Ka6 1-0

[Event "Florianopolis op 8th"]
[Site "Florianopolis"]
[Date "2022.01.27"]
[Round "5"]
[White "Dias, Juliane de Oliveira"]
[Black "Zottis, Pietro"]
[Result "1-0"]
[WhiteElo "1663"]
[BlackElo "1214"]
[PlyCount "93"]
[EventDate "2022.01.24"]
[EventType "swiss"]
[EventRounds "10"]
[EventCountry "BRA"]
[SourceTitle "CBM 206 Extra"]
[Source "ChessBase"]
[SourceDate "2022.03.31"]
[SourceVersion "1"]
[SourceVersionDate "2022.03.31"]
[SourceQuality "1"]

1. e4 e6 2. d4 d5 3. exd5 exd5 4. Nf3 Bd6 5. Bd3 Ne7 6. 0-0 0-0 7. Bg5 f6 8. Bh4 Nbc6 9. c3 Bf5 10. Bg3 Re8 11. Nh4 Bxd3 12. Qxd3 a6 13. Nd2 b5 14. Nhf3 Ng6 15. Rfe1 Qd7 16. Nb3 b4 17. Bxd6 Qxd6 18. Nc5 Nf4 19. Qd2 bxc3 20. bxc3 Ne6 21. Nxe6 Rxe6 22. Rxe6 Qxe6 23. Re1 Qd7 24. Qd3 a5 25. h3 Re8 26. Rxe8+ Qxe8 27. Qf5 Qe7 28. Qxd5+ Qf7 29. Qxc6 h6 30. d5 a4 31. c4 a3 32. Qa8+ Kh7 33. Qxa3 Qd7 34. Qd3+ Kg8 35. c5 Qe7 36. d6 cxd6 37. Qxd6 Qxd6 38. cxd6 Kf7 39. Nd4 Ke8 40. Nf5 Kd7 41. Nxg7 Kxd6 42. Nf5+ Kc5 43. Nxh6 Kb4 44. Ng4 f5 45. Ne3 f4 46. Nd5+ Ka3 47. Nxf4 1-0

[Event "Taubate op 2nd"]
[Site "Taubate"]
[Date "2021.12.18"]
[Round "4"]
[White "Casalaspro, Mathias Andre"]
[Black "Dias, Juliane de Oliveira"]
[Result "1/2-1/2"]
[WhiteElo "1399"]
[BlackElo "1679"]
[PlyCount "68"]
[EventDate "2021.12.16"]
[EventType "swiss"]
[EventRounds "6"]
[EventCountry "BRA"]
[SourceTitle "CBM 206 Extra"]
[Source "ChessBase"]
[SourceDate "2022.03.31"]
[SourceVersion "1"]
[SourceVersionDate "2022.03.31"]
[SourceQuality "1"]

1. e4 c5 2. Nf3 Nc6 3. d4 cxd4 4. Nxd4 e6 5. Nc3 a6 6. Be2 Nf6 7. 0-0 Bb4 8. f3 0-0 9. Be3 d5 10. exd5 exd5 11. Re1 Qc7 12. Qd2 Bd6 13. f4 Ne7 14. Bf3 Bg4 15. Rf1 Bxf3 16. Rxf3 Ng4 17. Re1 Nxe3 18. Qxe3 Bc5 19. Qd3 Rad8 20. Kh1 Ng6 21. g3 Qb6 22. Nb3 Bb4 23. Qd4 Qxd4 24. Nxd4 Rc8 25. f5 Ne7 26. Ree3 Bc5 27. Nce2 Nc6 28. Nxc6 bxc6 29. Rb3 Rfe8 30. Nf4 Re1+ 31. Kg2 Rd1 32. Rfc3 Rd2+ 33. Kh1 Bd6 34. Nd3 g5 1/2-1/2

[Event "BRA-ch (Women) 60th"]
[Site "Cuiaba"]
[Date "2021.11.02"]
[Round "9"]
[White "Dias, Juliane de Oliveira"]
[Black "Bonfim, Regina Rodrigues"]
[Result "0-1"]
[WhiteElo "1673"]
[BlackElo "1702"]
[PlyCount "86"]
[EventDate "2021.10.28"]
[EventType "swiss"]
[EventRounds "11"]
[EventCountry "BRA"]
[SourceTitle "CBM 205 Extra"]
[Source "ChessBase"]
[SourceDate "2022.01.31"]
[SourceVersion "1"]
[SourceVersionDate "2022.01.31"]
[SourceQuality "1"]

1. e4 c5 2. Nf3 d6 3. d4 cxd4 4. Nxd4 Nf6 5. Nc3 a6 6. Be2 e5 7. Nb3 Be6 8. 0-0 b5 9. a3 Nbd7 10. Be3 Be7 11. f3 0-0 12. Nd2 Rc8 13. Kh1 Nb6 14. f4 Nc4 15. Nxc4 Bxc4 16. Rf3 Bxe2 17. Qxe2 Rc4 18. Bg1 Qc7 19. fxe5 dxe5 20. Raf1 Qc6 21. Rxf6 Bxf6 22. Nd5 Bd8 23. c3 Qg6 24. Rf5 Re8 25. Be3 Rxe4 26. Qf3 Rc4 27. b3 Rc8 28. Qh3 Rc6 29. Qf3 Rce6 30. Qf2 f6 31. a4 bxa4 32. bxa4 Qf7 33. Qh4 g6 34. Rf1 f5 35. Qb4 f4 36. Bd2 g5 37. c4 h5 38. c5 g4 39. Bc3 f3 40. gxf3 gxf3 41. Qe4 f2 42. c6 Rf8 43. Bxe5 Rxe5 0-1

[Event "BRA-ch (Women) 60th"]
[Site "Cuiaba"]
[Date "2021.11.01"]
[Round "7"]
[White "Dias, Juliane de Oliveira"]
[Black "Menezes, Grasielle Da Silv"]
[Result "1/2-1/2"]
[WhiteElo "1673"]
[BlackElo "1868"]
[PlyCount "54"]
[EventDate "2021.10.28"]
[EventType "swiss"]
[EventRounds "11"]
[EventCountry "BRA"]
[SourceTitle "CBM 205 Extra"]
[Source "ChessBase"]
[SourceDate "2022.01.31"]
[SourceVersion "1"]
[SourceVersionDate "2022.01.31"]
[SourceQuality "1"]

1. e4 c6 2. d4 d5 3. Nd2 dxe4 4. Nxe4 Nf6 5. Ng3 g6 6. Nf3 Bg7 7. Bc4 Nbd7 8. 0-0 Nb6 9. Bb3 Bg4 10. c3 Nbd5 11. h3 Bxf3 12. Qxf3 Qd7 13. Re1 0-0-0 14. Ne4 Qf5 15. Qxf5+ gxf5 16. Ng5 Rhf8 17. Bxd5 Nxd5 18. Nxh7 Rh8 19. Ng5 Rhf8 20. Re2 e6 21. Bd2 Bf6 22. Nh7 Rg8 23. Nxf6 Nxf6 24. f3 Rg6 25. Kf2 Rdg8 26. Rg1 Nh7 27. Ree1 Ng5 1/2-1/2

[Event "Sao Jose dos Campos op 3rd"]
[Site "Sao Jose dos Campos"]
[Date "2021.08.21"]
[Round "3"]
[White "Dias, Juliane de Oliveira"]
[Black "Katsuyama, Eric Shih"]
[Result "1-0"]
[WhiteElo "1681"]
[BlackElo "1253"]
[PlyCount "89"]
[EventDate "2021.08.21"]
[EventType "swiss"]
[EventRounds "5"]
[EventCountry "BRA"]
[SourceTitle "CBM 204 Extra"]
[Source "ChessBase"]
[SourceDate "2021.11.30"]
[SourceVersion "1"]
[SourceVersionDate "2021.11.30"]
[SourceQuality "1"]

1. e4 e6 2. d4 d5 3. Nd2 Nc6 4. c3 Nf6 5. e5 Nd7 6. Bb5 f6 7. Ngf3 fxe5 8. Bxc6 bxc6 9. Nxe5 Nxe5 10. Qh5+ Ng6 11. Nf3 Be7 12. Ne5 Rf8 13. Nxg6 hxg6 14. Qxg6+ Kd7 15. 0-0 Qe8 16. Qxg7 Qf7 17. Qh6 Ba6 18. Be3 Bxf1 19. Rxf1 Rh8 20. Qf4 Qxf4 21. Bxf4 Bd6 22. Bg3 Bxg3 23. fxg3 Rhf8 24. Re1 Rf7 25. h4 Raf8 26. Re2 Rf1+ 27. Kh2 R1f2 28. Rxf2 Rxf2 29. h5 Rf6 30. g4 Kd6 31. Kg3 c5 32. g5 Rf5 33. Kg4 Ke7 34. h6 Kf7 35. Kh5 Kg8 36. g4 Rf7 37. Kg6 Rh7 38. Kf6 Rxh6+ 39. Ke7 cxd4 40. cxd4 Rh4 41. g6 Rxg4 42. Kf6 Rxg6+ 43. Kxg6 Kh8 44. b3 c5 45. dxc5 1-0

[Event "Florianopolis op 7th"]
[Site "Florianopolis"]
[Date "2021.01.21"]
[Round "5"]
[White "Monteiro, Helen Ramazzotte"]
[Black "Dias, Juliane de Oliveira"]
[Result "1/2-1/2"]
[WhiteElo "1230"]
[BlackElo "1702"]
[PlyCount "68"]
[EventDate "2021.01.18"]
[EventType "swiss"]
[EventRounds "10"]
[EventCountry "BRA"]
[SourceTitle "CBM 200 Extra"]
[Source "ChessBase"]
[SourceDate "2021.03.31"]
[SourceVersion "1"]
[SourceVersionDate "2021.03.31"]
[SourceQuality "1"]

1. c4 e5 2. Nc3 Nf6 3. Nf3 d6 4. g3 Be7 5. Bg2 0-0 6. 0-0 c6 7. d3 h6 8. Bd2 Bg4 9. a3 Qc8 10. Re1 Bh3 11. Bh1 Nbd7 12. b4 Rb8 13. Rc1 Qd8 14. b5 Ng4 15. bxc6 bxc6 16. Rb1 Qc7 17. Na2 Rxb1 18. Qxb1 Rb8 19. Qc2 Qb6 20. e3 f5 21. Nc3 Qb3 22. Qxb3 Rxb3 23. Ra1 Nc5 24. Ne1 Rb6 25. Rb1 Nb3 26. Nf3 Nxd2 27. Nxd2 Ra6 28. a4 Kh7 29. Rb7 Bd8 30. Rd7 Ba5 31. Ncb1 Rb6 32. Bg2 Bxg2 33. Kxg2 Bxd2 34. Nxd2 Rb3 1/2-1/2

[Event "Florianopolis op 7th"]
[Site "Florianopolis"]
[Date "2021.01.19"]
[Round "3"]
[White "Dias, Juliane de Oliveira"]
[Black "Dias, Anderson Tatsch"]
[Result "0-1"]
[WhiteElo "1702"]
[BlackElo "2148"]
[PlyCount "66"]
[EventDate "2021.01.18"]
[EventType "swiss"]
[EventRounds "10"]
[EventCountry "BRA"]
[SourceTitle "CBM 200 Extra"]
[Source "ChessBase"]
[SourceDate "2021.03.31"]
[SourceVersion "1"]
[SourceVersionDate "2021.03.31"]
[SourceQuality "1"]

1. e4 c5 2. Nf3 e6 3. d4 cxd4 4. Nxd4 a6 5. c4 Nf6 6. Nc3 Qc7 7. a3 d6 8. Be2 b6 9. 0-0 Bb7 10. f3 Be7 11. Be3 0-0 12. Rc1 Nbd7 13. b3 Rac8 14. Qd2 Qb8 15. Bd3 Qa8 16. Na4 Bd8 17. Ne2 d5 18. cxd5 Rxc1 19. Rxc1 exd5 20. exd5 Nxd5 21. Bd4 b5 22. Nc5 Nxc5 23. Bxc5 Re8 24. Bb1 Bc7 25. Qd3 g6 26. Bd4 Qb8 27. h3 Qd8 28. Bb2 Bb6+ 29. Kh1 Qh4 30. Bd4 Rxe2 31. Bxb6 Rxg2 32. Kxg2 Nf4+ 33. Kg1 Nxd3 0-1

[Event "Sao Jose dos Campos IRT op"]
[Site "Sao Jose dos Campos"]
[Date "2020.12.19"]
[Round "3"]
[White "Haraguchi, Diego Sashaki"]
[Black "Dias, Juliane de Oliveira"]
[Result "1-0"]
[WhiteElo "1941"]
[BlackElo "1705"]
[PlyCount "93"]
[EventDate "2020.12.18"]
[EventType "swiss"]
[EventRounds "5"]
[EventCountry "BRA"]
[SourceTitle "EXT 2022"]
[Source "ChessBase"]
[SourceDate "2021.10.06"]
[SourceVersion "1"]
[SourceVersionDate "2021.10.06"]
[SourceQuality "1"]

1. d4 Nf6 2. Nf3 d5 3. c4 c6 4. g3 e6 5. Bg2 Nbd7 6. 0-0 Be7 7. Nbd2 0-0 8. b3 Qc7 9. Bb2 Re8 10. Ne5 Nxe5 11. dxe5 Ng4 12. e4 Nxe5 13. cxd5 exd5 14. exd5 Bd7 15. Qc2 Rac8 16. Rac1 Bd6 17. Qb1 Qb8 18. Ne4 cxd5 19. Ng5 g6 20. Rxc8 Bxc8 21. Bxd5 Bf5 22. Qd1 Re7 23. Qd4 h6 24. Nxf7 Rxf7 25. f4 Qf8 26. b4 Qe7 27. Bxf7+ Kxf7 28. fxe5 Bxb4 29. Qd5+ Kf8 30. Rf4 Qc5+ 31. Qxc5+ Bxc5+ 32. Bd4 Bxd4+ 33. Rxd4 Ke7 34. Rd6 Be6 35. a3 Bf5 36. Kf2 h5 37. Ke3 Be6 38. Kd4 g5 39. a4 Bb3 40. a5 Be6 41. Kc5 h4 42. a6 b6+ 43. Kc6 Bc8 44. Rg6 hxg3 45. hxg3 g4 46. Rg7+ Ke6 47. Rxa7 1-0

[Event "Barueri op 3rd"]
[Site "Barueri"]
[Date "2019.04.21"]
[Round "6"]
[White "Dias, Juliane de Oliveira"]
[Black "Parijos de Melo, Luiz Claudio"]
[Result "1-0"]
[WhiteElo "1732"]
[BlackElo "1733"]
[PlyCount "117"]
[EventDate "2019.04.19"]
[EventType "swiss"]
[EventRounds "6"]
[EventCountry "BRA"]
[SourceTitle "CBM 190 Extra"]
[Source "ChessBase"]
[SourceDate "2019.07.15"]
[SourceVersion "1"]
[SourceVersionDate "2019.07.15"]
[SourceQuality "1"]

1. e4 c5 2. Nf3 Nc6 3. d4 cxd4 4. Nxd4 g6 5. Nxc6 bxc6 6. Qd4 Nf6 7. e5 Nh5 8. e6 Bg7 9. exf7+ Kxf7 10. Qc4+ e6 11. Be2 Rf8 12. Bxh5 gxh5 13. Nc3 a5 14. Qe4 Ba6 15. Qxh7 Rh8 16. Qe4 Rb8 17. Qf4+ Kg8 18. Qg3 Rb4 19. h3 h4 20. Qg6 Kf8 21. a3 Rb8 22. Na4 Qc7 23. Qe4 d6 24. Qf4+ Kg8 25. c4 e5 26. Qg4 Bc8 27. Qg6 d5 28. cxd5 cxd5 29. 0-0 d4 30. Qe8+ Kh7 31. Qh5+ Kg8 32. Qe8+ Bf8 33. Qg6+ Qg7 34. Qxg7+ Kxg7 35. b4 axb4 36. axb4 Bxb4 37. Ba3 Bxa3 38. Rxa3 Ra8 39. Rfa1 Bd7 40. Nc5 Bc6 41. f3 Rxa3 42. Rxa3 Ra8 43. Rb3 Ra1+ 44. Kf2 Ra2+ 45. Kg1 Bd5 46. Rb4 Rc2 47. Nd3 Bc4 48. Nxe5 Rc1+ 49. Kh2 Bf1 50. Rxd4 Rc2 51. Rg4+ Kf6 52. f4 Ra2 53. Kg1 Ra1 54. Kf2 Bb5 55. Rxh4 Kf5 56. Nf3 Ke4 57. Ng5+ Kf5 58. Nf3 Ra5 59. Rh5+ 1-0

[Event "Barueri op 3rd"]
[Site "Barueri"]
[Date "2019.04.20"]
[Round "3"]
[White "Gazola, Vanessa Ramos"]
[Black "Dias, Juliane de Oliveira"]
[Result "1-0"]
[WhiteElo "1942"]
[BlackElo "1732"]
[PlyCount "129"]
[EventDate "2019.04.19"]
[EventType "swiss"]
[EventRounds "6"]
[EventCountry "BRA"]
[SourceTitle "CBM 190 Extra"]
[Source "ChessBase"]
[SourceDate "2019.07.15"]
[SourceVersion "1"]
[SourceVersionDate "2019.07.15"]
[SourceQuality "1"]

1. d4 d5 2. c4 e6 3. Nc3 Nf6 4. cxd5 exd5 5. Bg5 c6 6. e3 Bf5 7. Qf3 Bg6 8. Bxf6 Qxf6 9. Qxf6 gxf6 10. Kd2 Nd7 11. Bd3 Rg8 12. g3 Nb6 13. b3 Bb4 14. Nge2 Kd7 15. a3 Bd6 16. h4 Rae8 17. h5 Bxd3 18. Kxd3 f5 19. Ng1 Re6 20. Nf3 Rh6 21. Rh4 Rg4 22. Rh3 Ke6 23. Rb1 Nd7 24. b4 b6 25. Ne2 Nf6 26. Rc1 Kd7 27. Nf4 Ne4 28. Ke2 Ng5 29. Nxg5 Rxg5 30. Rch1 Rg8 31. Nd3 a5 32. bxa5 bxa5 33. Rb1 Rb8 34. Rxb8 Bxb8 35. Nc5+ Kc8 36. a4 Bd6 37. Kf3 Kc7 38. Rh1 Kc8 39. Nb3 Bc7 40. Nc5 Bd6 41. Nd3 Kd7 42. Nc1 Kc7 43. Nb3 Kb6 44. Rb1 Bb4 45. Nc5 Rxh5 46. Nd3 Rg5 47. Nxb4 axb4 48. Rxb4+ Ka5 49. Rb7 Kxa4 50. Rxf7 Rh5 51. Kf4 Rh2 52. f3 h5 53. Kxf5 h4 54. gxh4 Rxh4 55. Rb7 Rh8 56. Ke6 Re8+ 57. Re7 Rf8 58. f4 Kb5 59. f5 Kc4 60. f6 Kd3 61. Kf5 Rg8 62. f7 Rg1 63. Kf6 Rf1+ 64. Kg7 Rg1+ 65. Kf8 1-0

[Event "Pindamonhangaba op 1st"]
[Site "Pindamonhangaba"]
[Date "2019.04.06"]
[Round "3"]
[White "Dias, Juliane de Oliveira"]
[Black "Hassen Sa, Jamile"]
[Result "0-1"]
[WhiteElo "1732"]
[BlackElo "1346"]
[PlyCount "134"]
[EventDate "2019.04.06"]
[EventType "swiss"]
[EventRounds "5"]
[EventCountry "BRA"]
[SourceTitle "CBM 190 Extra"]
[Source "ChessBase"]
[SourceDate "2019.07.15"]
[SourceVersion "1"]
[SourceVersionDate "2019.07.15"]
[SourceQuality "1"]

1. d4 Nf6 2. c4 g6 3. Nf3 Bg7 4. Nc3 0-0 5. e3 d6 6. Be2 Bg4 7. 0-0 Nbd7 8. h3 Bxf3 9. Bxf3 c6 10. b4 Nb6 11. Qb3 d5 12. cxd5 Nfxd5 13. Nxd5 Nxd5 14. b5 Qb6 15. Bxd5 cxd5 16. Qxd5 e6 17. Qb3 Rfc8 18. Bb2 Rc7 19. Rac1 Rac8 20. Rxc7 Rxc7 21. Rd1 Rd7 22. Rc1 Rc7 23. Rxc7 Qxc7 24. Qc3 Qxc3 25. Bxc3 Bf8 26. e4 f5 27. d5 exd5 28. exf5 gxf5 29. Bd4 b6 30. Be5 Kf7 31. Bb8 Ke6 32. Bxa7 Bc5 33. Bb8 d4 34. Kf1 Kd5 35. Ke2 Kc4 36. Be5 d3+ 37. Kd2 Bxf2 38. g4 fxg4 39. hxg4 Bc5 40. Bb2 Bb4+ 41. Kd1 Kxb5 42. Bd4 Bc5 43. Bc3 Kc4 44. Bf6 Bd4 45. Bg5 b5 46. Bc1 Kc3 47. Bd2+ Kb2 48. Bc1+ Kxa2 49. Kd2 Kb1 50. Ba3 Ka2 51. Be7 Bb2 52. Kxd3 Ba3 53. Bf6 b4 54. g5 b3 55. Ke4 Bb2 56. Kd5 Bc1 57. Ke4 Bxg5 58. Bd4 h5 59. Kf3 h4 60. Kg2 Ka3 61. Be5 Kb4 62. Bb2 Bd2 63. Kh3 Be1 64. Kg2 Kc4 65. Kh1 Kd3 66. Kg2 Kc2 67. Bf6 Bc3 0-1

[Event "Pindamonhangaba op 1st"]
[Site "Pindamonhangaba"]
[Date "2019.04.06"]
[Round "1"]
[White "Dias, Juliane de Oliveira"]
[Black "Ventura, Rodrigo Rocha"]
[Result "1-0"]
[WhiteElo "1732"]
[BlackElo "1223"]
[PlyCount "109"]
[EventDate "2019.04.06"]
[EventType "swiss"]
[EventRounds "5"]
[EventCountry "BRA"]
[SourceTitle "CBM 190 Extra"]
[Source "ChessBase"]
[SourceDate "2019.07.15"]
[SourceVersion "1"]
[SourceVersionDate "2019.07.15"]
[SourceQuality "1"]

1. e4 c5 2. Nf3 d6 3. d4 cxd4 4. Nxd4 g6 5. Nc3 Bg7 6. Be3 Nf6 7. Be2 0-0 8. h4 Bd7 9. h5 Nc6 10. hxg6 fxg6 11. Bc4+ Kh8 12. Bh6 Bxh6 13. Rxh6 Ng4 14. Nxc6 bxc6 15. Rh4 Nxf2 16. Qd4+ e5 17. Rxh7+ Kxh7 18. Qxd6 Nxe4 19. Nxe4 Qh4+ 20. Kd2 Rad8 21. Bd3 Bf5 22. Qc7+ Rd7 23. Qxc6 Rfd8 24. Nf6+ Kg7 25. Nxd7 Qf2+ 26. Kc3 Qd4+ 27. Kb3 e4 28. c3 Qxd7 29. Qxd7+ Rxd7 30. Be2 Kf6 31. Rd1 Re7 32. c4 Ke5 33. g3 e3 34. Kc3 Ke4 35. Rd4+ Ke5 36. b4 Be4 37. Bd3 Bf3 38. Rf4 Bd1 39. Re4+ Kf6 40. Rxe7 Kxe7 41. Bxg6 e2 42. Kd2 Kd6 43. Bd3 e1Q+ 44. Kxe1 Bg4 45. Be2 Be6 46. g4 Ke5 47. Kd2 Kd4 48. g5 Ke5 49. g6 Kf4 50. Bd3 Ke5 51. a4 Kd4 52. c5 Bd5 53. g7 Bg8 54. c6 Be6 55. c7 1-0

[Event "Pocos de Caldas op"]
[Site "Pocos de Caldas"]
[Date "2019.02.10"]
[Round "5"]
[White "Dias, Juliane de Oliveira"]
[Black "Salim, Joao Pedro Miranda"]
[Result "1/2-1/2"]
[WhiteElo "1737"]
[BlackElo "1454"]
[PlyCount "59"]
[EventDate "2019.02.08"]
[EventType "swiss"]
[EventRounds "6"]
[EventCountry "BRA"]
[SourceTitle "CBM 188 Extra"]
[Source "ChessBase"]
[SourceDate "2019.02.26"]
[SourceVersion "1"]
[SourceVersionDate "2019.02.26"]
[SourceQuality "1"]

1. e4 e6 2. d4 d5 3. Nd2 c5 4. c3 cxd4 5. cxd4 dxe4 6. Nxe4 Bb4+ 7. Nc3 Nf6 8. Qa4+ Nc6 9. Bb5 Bxc3+ 10. bxc3 Bd7 11. Nf3 Qa5 12. Qxa5 Nxa5 13. Bd3 Rc8 14. Bd2 Nd5 15. Rc1 Nc4 16. Bxc4 Rxc4 17. Ne5 Ra4 18. Nxd7 Kxd7 19. c4 Nb6 20. c5 Nd5 21. Rb1 Kc6 22. Be3 Nxe3 23. fxe3 Rxa2 24. 0-0 f6 25. Rb3 Rd8 26. Rfb1 Rd7 27. R3b2 Ra3 28. Rb3 Ra2 29. R3b2 Ra3 30. Rb3 1/2-1/2

[Event "Pocos de Caldas op"]
[Site "Pocos de Caldas"]
[Date "2019.02.09"]
[Round "4"]
[White "Ramos, Bruce Vicente"]
[Black "Dias, Juliane de Oliveira"]
[Result "1-0"]
[WhiteElo "2035"]
[BlackElo "1737"]
[PlyCount "26"]
[EventDate "2019.02.08"]
[EventType "swiss"]
[EventRounds "6"]
[EventCountry "BRA"]
[SourceTitle "CBM 188 Extra"]
[Source "ChessBase"]
[SourceDate "2019.02.26"]
[SourceVersion "1"]
[SourceVersionDate "2019.02.26"]
[SourceQuality "1"]

1. d4 d5 2. c4 c6 3. cxd5 cxd5 4. Bf4 Qa5+ 5. Nc3 Nf6 6. e3 e6 7. Bd3 Bb4 8. Nge2 0-0 9. 0-0 a6 10. a3 Be7 11. b4 Qd8 12. Qc2 Nbd7 13. Na4 b6 1-0